000 00798nam a2200253 i 4500
001 bg
100 1 _aGajewski, Piotr.
245 0 0 _aTechnologie bezprzewodowe sieci teleinformatycznych /
_cPiotr Gajewski, Stanisław Wszelak.
260 _aWarszawa :
_bWydawnictwa Komunikacji i Łączności,
_c2008.
300 _a210 s. :
_bil. ;
_c25 cm.
504 _aBibliogr. s. 208-210.
650 9 _aBezprzewodowa lokalna sieć komputerowa
650 9 _aBluetooth
700 1 _aWszelak, Stanisław.
020 _a9788320616859
040 _cBPK
041 _apol
044 _aPOL
080 _a004.732
920 _a978-83-206-1685-9
942 _cKS
008 s pl f |000 0 pol
999 _c55595
_d55595
856 _uhttp://koha.tu.koszalin.pl/cgi-bin/koha/opac-detail.pl?biblionumber=55595
_yKatalog online BPK